000 00261nam a22001217a 4500
008 170913b xxu||||| |||| 00| 0 eng d
041 _aeng
080 _a53
100 _a43
101 _aFIZ
245 _aTHE SCIENCE OF FLUIDS
_cMICHELSON,I
942 _2udc
_cBK
999 _c27425
_d27425